| 000 | 00886cam a22002414a 4500 | ||
|---|---|---|---|
| 001 | 12223843 | ||
| 005 | 20180302072427.0 | ||
| 008 | 001106s2001 njua b 001 0beng | ||
| 010 | _a 00065416 | ||
| 020 | _a080583642X (cloth : alk. paper) | ||
| 040 |
_aDLC _cDLC _dDLC |
||
| 041 | _aeng | ||
| 042 | _apcc | ||
| 080 | _a612.8092 WAD | ||
| 082 | 0 | 0 |
_a612.8092 WAD _aB _221 |
| 100 | 1 | _a10 | |
| 101 | _aSHM | ||
| 245 | 1 | 0 |
_aPurkinje's vision : _cby Nicholas J. Wade and Josef Brožek, in collaboration with Jiří Hoskovec. |
| 504 | _aIncludes bibliographical references (p. 129-140) and indexes. | ||
| 906 |
_a7 _bcbc _corignew _d1 _eocip _f20 _gy-gencatlg |
||
| 942 |
_2ddc _cBK |
||
| 999 |
_c44046 _d44046 |
||